Irrigation (Record no. 341484)

MARC details
000 -LEADER
fixed length control field 00475nam a2200181Ia 4500
008 - FIXED-LENGTH DATA ELEMENTS--GENERAL INFORMATION
fixed length control field 230718s9999 xx 000 0 und d
020 ## - INTERNATIONAL STANDARD BOOK NUMBER
International Standard Book Number 9788125918677
041 ## - LANGUAGE CODE
Language code of text/sound track or separate title eng
082 ## - DEWEY DECIMAL CLASSIFICATION NUMBER
Classification number 627.52
Item number MIC
100 ## - MAIN ENTRY--PERSONAL NAME
Personal name Michael A.M.
245 ## - TITLE STATEMENT
Title Irrigation
Remainder of title Theory And Practice
250 ## - EDITION STATEMENT
Edition statement 2nd ed.
260 ## - PUBLICATION, DISTRIBUTION, ETC. (IMPRINT)
Date of publication, distribution, etc. 2019
Name of publisher, distributor, etc. Vikas Publishing
300 ## - PHYSICAL DESCRIPTION
Extent 768
365 ## - TRADE PRICE
Currency code Rs.
Price amount 675.00
700 ## - ADDED ENTRY--PERSONAL NAME
Personal name Michael A.M.
906 ## - LOCAL DATA ELEMENT F, LDF (RLIN)
d O:0490730-Jan-2016B:SE/SI/269607-Dec-2015
c INST
b 864
Holdings
Withdrawn status Lost status Damaged status Not for loan Home library Current library Date acquired Vendor Budget Code Cost, normal purchase price Bill number Total Checkouts Full call number Barcode Date last seen Discount Cost, replacement price Bill Date Koha item type Original Barcode
        Cummins College of Engineering for Women Pune Cummins College of Engineering for Women Pune 30/01/2016 Suyog Enterprises INST 459.00 SE/SI/2696   627.52 CCEP-BK-52691 18/07/2023 864 675.00 07/12/2015 Books 052691